000 00801cpmaa2200253 4500
001 mm 79004652
003 DLC
005 20260227111647.0
008 790403|||||||||||| eng
010 _amm 79004652
040 _aDLC
_cDLC
_edacs
_dDLC
072 7 _aC
_2lcmd
100 1 _aClay, Joseph,
_d1764-1811.
245 0 0 _aDeed fragment of Joseph Clay,
_f1798.
300 _a1
_fitem.
506 0 _aOpen to research.
545 0 _aJurist and clergyman.
546 _aCollection material in English.
580 _aForms part of: Miscellaneous Manuscripts collection.
656 7 _aClergy.
_2itoamc
656 7 _aJurists.
_2itoamc
999 _c41594
_d41594